Les joueurs les plus capés du Réal Madrid - Statistiques

Statistiques générales
  • Ce quiz a été pris 869 fois
  • Le résultat moyen est 8 sur 20
Statistiques - réponses
Joueur Nombre de matchs Nationalité % Correct
Cristiano Ronaldo 438 Portugal
98%
Sergio Ramos 671 Espagne
95%
Karim Benzema 599 France
93%
Iker Casillas 725 Espagne
85%
Marcelo 544 Brésil
85%
Raul 741 Espagne
85%
Roberto Carlos 527 Brésil
48%
Fernando Hierro 601 Espagne
47%
Emilio Butragueño 463 Espagne
30%
Paco Gento 601 Espagne
28%
Guti 542 Espagne
26%
Manuel Sanchis 710 Espagne
11%
Michel 559 Espagne
9%
Santillana 645 Espagne
8%
José Martinez Pirri 561 Espagne
6%
Chendo 497 Espagne
4%
Amancio 471 Espagne
3%
José Antonio Camacho 577 Espagne
3%
Paco Buyo 454 Espagne
2%
Ignacio Zoco 434 Espagne
1%
Aucun quiz correspondant
Distribution des résultats
% des personnes avec chaque résultat
Percentile par nombre de réponses
Votre historique - résultats
Vous n’avez pas pris ce quiz